| 000 | 01149cam a2200361Ia 4500 | ||
|---|---|---|---|
| 001 | 56062 | ||
| 005 | 20230410132803.0 | ||
| 008 | 880718s1987 sp b 000 0 spa d | ||
| 035 | _a(OCoLC)ocm18231041 | ||
| 040 |
_aGZM _cGZM _dPL# _dEL$ _dOCL _dMUQ |
||
| 020 | _a8400066332 | ||
| 020 | _a9788400066338 | ||
| 029 | 1 |
_aNLGGC _b065021576 |
|
| 035 | _a(OCoLC)18231041 | ||
| 043 | _ae-sp--- | ||
| 050 | 1 | 4 |
_aQH 305.2 _bS159i 1987 |
| 082 | 0 | 0 | _a574.0151 |
| 049 | _aGRAL | ||
| 100 | 1 | _aSala Catalá, José. | |
| 245 | 1 | 0 |
_aIdeología y ciencia biológica en España entre 1860 y 1881 : _bla difusión de un paradigma / _cJosé Sala Catalá. |
| 260 |
_aMadrid : _bConsejo Superior de Investigaciones Científicas, _c1987. |
||
| 300 |
_a135 p. ; _c18 cm. |
||
| 440 | 0 |
_aCuadernos Galileo de historia de la ciencia ; _v8 |
|
| 504 | _aBibliography: p. 133-134. | ||
| 650 | 0 |
_aBiology _zSpain _xHistory. |
|
| 650 | 4 |
_aBiología _zEspaña _ySiglo XIX. |
|
| 650 | 4 |
_aIdeología _zEspaña _ySiglo XIX. |
|
| 650 | 4 | _a20150300 | |
| 938 |
_aPuvill Libros _bPUVL _n8400066332 _c$7.11 |
||
| 942 |
_2lcc _cbk |
||
| 994 |
_aC0 _bDRFGD |
||
| 946 | _acsexposito | ||
| 999 |
_c87766 _d87766 |
||